00540 2200205 4500001002100000008004100021035002000062245004900082100002600131250001700157260003300174300002000207020002200227084001900249082001300268650002600281990000900307990000900316990000900325INLIS000000000001223 ind  a0010-0425001223 aSatu Orang Satu PohoncRizky Utami Handayani aRizky Utami Handayani aCetakan ke-2 aDepok :bCV Arya Duta,c2019 a84 hlm.c25 cm. a978-979-094-749-8 a635.9.86 RIZ s a635.9.86 aRizky Utami Handayani a3571 a3572 a5251